Mengapa Rasulullah s.a.w. beristeri ramai / (Record no. 1281)

000 -LEADER
fixed length control field nam a22 a 4500
003 - CONTROL NUMBER IDENTIFIER
control field AKMAL
005 - DATE AND TIME OF LATEST TRANSACTION
control field 20170509090805.0
008 - FIXED-LENGTH DATA ELEMENTS--GENERAL INFORMATION
fixed length control field 170509s1999 my e 000 0 may d
020 ## - INTERNATIONAL STANDARD BOOK NUMBER
International Standard Book Number 9832149266 (kkt. ):
Terms of availability RM8.00
020 ## - INTERNATIONAL STANDARD BOOK NUMBER
International Standard Book Number 9830612821 (kkt.)
040 ## - CATALOGING SOURCE
Original cataloging agency AKMAL
082 04 - DEWEY DECIMAL CLASSIFICATION NUMBER
Classification number 297.642 JAH
Edition number 21
090 00 - LOCALLY ASSIGNED LC-TYPE CALL NUMBER (OCLC); LOCAL CALL NUMBER (RLIN)
Classification number (OCLC) (R) ; Classification number, CALL (RLIN) (NR) 297.642
Local cutter number (OCLC) ; Book number/undivided call number, CALL (RLIN) JAH
100 0# - MAIN ENTRY--PERSONAL NAME
Personal name Musfir Al-Jahrani
9 (RLIN) 2535
245 10 - TITLE STATEMENT
Title Mengapa Rasulullah s.a.w. beristeri ramai /
Statement of responsibility, etc. Musfir Al-Jahrani
260 ## - PUBLICATION, DISTRIBUTION, ETC.
Place of publication, distribution, etc. Batu Caves :
Name of publisher, distributor, etc. Penerbitan Darul Iman,
Date of publication, distribution, etc. 1999
300 ## - PHYSICAL DESCRIPTION
Extent iv, 132ms. ;
Dimensions 21cm.
500 ## - GENERAL NOTE
General note Mengandungi ayat-ayat dari Quran
650 10 - SUBJECT ADDED ENTRY--TOPICAL TERM
Topical term or geographic name entry element Marriage
General subdivision Religious aspects
-- Islam
9 (RLIN) 1960
650 20 - SUBJECT ADDED ENTRY--TOPICAL TERM
Topical term or geographic name entry element Marriage (Islamic law)
9 (RLIN) 1898
650 20 - SUBJECT ADDED ENTRY--TOPICAL TERM
Topical term or geographic name entry element Polygamy (Islamic law)
9 (RLIN) 2536
650 20 - SUBJECT ADDED ENTRY--TOPICAL TERM
Topical term or geographic name entry element Husband and wife (Islamic law)
9 (RLIN) 1978
942 ## - ADDED ENTRY ELEMENTS (KOHA)
Source of classification or shelving scheme
Koha item type Book
Holdings
Withdrawn status Lost status Source of classification or shelving scheme Damaged status Not for loan Collection code Home library Current library Shelving location Date acquired Inventory number Total Checkouts Full call number Barcode Date last seen Price effective from Koha item type
          NON-FICTION AKMAL Melaka AKMAL Melaka PINJAMAN 09.05.2017 200773   297.642 JAH 201702498 09.05.2017 09.05.2017 Book
Pusat Sumber Maklumat Dato' Haji Sarmin Md Hussin, Akademi Kastam Diraja Malaysia, Melaka
Tel: 06-2331106 | Faks: 06-2313787